000 00807nam a22002177a 4500
003 UA-OsUOA
001 101120
007 ta
008 20130605b un ||||| |||| 00| 0 ukr d
100 _aСоловйова Н.
090 _a82
_bС60
942 _cSA
040 _aUA-OsUOA
_bukr
_cUA-OsUOA
_dUA-OsUOA
245 _aПроблема формування умінь учнів розкривати психологічний аспект у характеристиці героїв літературного твору
300 _aС.25-29
955 _a0
041 _aukr
080 _a82
773 0 _w101118
_tУкраїнська література в загальноосвітній школі
_dК.
_d2013
_g5
650 7 _a82 Література. Літературознавство
_2UDC
999 _c387367
_d387367